Chad : Poverty Reduction Strategy Paper-Joint Staff Advisory Note on the 2013 Monitoring Report of the National Development Plan 2013-15.

This Joint Staff Advisory Note discusses progress in implementing Chad's National Development Plan (NDP) in 2013. The NDP was overall satisfactorily implemented in 2013. By end 2013, about two-thirds of strategic indicators and one-half of intermediary indicators retained in the results framewo...

Descrizione completa

Dettagli Bibliografici
Ente Autore: International Monetary Fund. African Dept
Natura: Periodico
Lingua:English
Pubblicazione: Washington, D.C. : International Monetary Fund, 2015.
Serie:IMF Staff Country Reports; Country Report ; No. 2015/125
Accesso online:Full text available on IMF
LEADER 01820cas a2200241 a 4500
001 AALejournalIMF015239
008 230101c9999 xx r poo 0 0eng d
020 |c 5.00 USD 
020 |z 9781475588859 
022 |a 1934-7685 
040 |a BD-DhAAL  |c BD-DhAAL 
110 2 |a International Monetary Fund.  |b African Dept. 
245 1 0 |a Chad :   |b Poverty Reduction Strategy Paper-Joint Staff Advisory Note on the 2013 Monitoring Report of the National Development Plan 2013-15. 
264 1 |a Washington, D.C. :  |b International Monetary Fund,  |c 2015. 
300 |a 1 online resource (12 pages) 
490 1 |a IMF Staff Country Reports 
500 |a <strong>Off-Campus Access:</strong> No User ID or Password Required 
500 |a <strong>On-Campus Access:</strong> No User ID or Password Required 
506 |a Electronic access restricted to authorized BRAC University faculty, staff and students 
520 3 |a This Joint Staff Advisory Note discusses progress in implementing Chad's National Development Plan (NDP) in 2013. The NDP was overall satisfactorily implemented in 2013. By end 2013, about two-thirds of strategic indicators and one-half of intermediary indicators retained in the results framework did record progress in line with retained targets. In addition, the contribution of the 2013 national budget to the NDP implementation was close to initial plans, reflecting structural progress in terms of budget execution. The adoption of a robust Results Framework also allowed the authorities to effectively monitor NDP implementation, in terms of inputs, outputs, and outcomes. 
538 |a Mode of access: Internet 
830 0 |a IMF Staff Country Reports; Country Report ;  |v No. 2015/125 
856 4 0 |z Full text available on IMF  |u http://elibrary.imf.org/view/journals/002/2015/125/002.2015.issue-125-en.xml  |z IMF e-Library